|
|
|
|
| LEADER |
00000nam a2200000 a 4500 |
| 001 |
UCM0811 |
| 003 |
CL-VaPUC |
| 005 |
20241023105422.0 |
| 008 |
020315e19980000SP |||||||||||||||||spa|d |
| 999 |
|
|
|c 299629
|d 299627
|
| 040 |
|
|
|c Pontificia Universidad Católica de Valparaíso
|
| 082 |
0 |
4 |
|a 660.6 ROM 1998
|2 21
|
| 100 |
0 |
|
|a Romeo Casabona, Carlos María
|9 467806
|
| 245 |
1 |
0 |
|a Biotecnología y Derecho: perspectivas en Derecho comparado.
|
| 260 |
0 |
3 |
|a Bilbao, España
|b Comares
|c 1998
|
| 300 |
|
|
|a 407 páginas.
|
| 583 |
|
|
|a last modification
|c 20121001 01:01:16
|k Rodrigo Vera
|
| 650 |
|
0 |
|a Biotecnología
|9 259561
|
| 650 |
|
7 |
|a EUGENESIA
|2 CL-VaPUC
|9 256404
|
| 650 |
|
0 |
|a Aborto
|9 256680
|
| 650 |
|
7 |
|a GENOMA HUMANO
|2 CL-VaPUC
|9 467807
|
| 650 |
|
0 |
|a Manipulación genética
|9 373579
|
| 650 |
|
0 |
|a Bioingeniería
|9 266821
|
| 651 |
|
0 |
|a España
|9 254926
|
| 651 |
|
7 |
|a FINLANDIA
|2 CL-VaPUC
|9 268919
|
| 942 |
|
|
|c BK
|2 ddc
|
| 945 |
|
|
|d 20020315 00:00:00
|a vberengu
|
| 952 |
|
|
|0 0
|1 0
|2 ddc
|4 0
|6 660_600000000000000_ROM_1998
|7 0
|8 DER_TF
|9 356370
|a BIBDER
|b BIBDER
|d 2019-11-21
|i 3732045
|o 660.6 ROM 1998
|p 3732045
|r 2023-01-25
|t 1
|w 2019-11-21
|x Ubicación 4to Piso
|y BK
|z Estos recursos deben solicitarse con anticipación
|k DER
|